000
00263nam a22001097a 4500
008
170125b xxu||||| |||| 00| 0 eng d
020
_a
9780781781886
041
_a
eng
080
_2
5TH
_a
61
245
_a
ESSENTIALS OF FAMILY MEDICINE
_c
SLOANE, P.D
942
_2
udc
_c
BK
999
_c
3662
_d
3662